Die pommerischen Besitzungen Carl Gustav Wrangels

Titel: Die pommerischen Besitzungen Carl Gustav Wrangels
Verfasser:
In: Pommern, (1996), Seite 129-168, 1 Kt., 3 Tab.
alle Artikel anzeigen
Veröffentlicht: 1996
Format: Aufsatz
Sprache: Deutsch
Kein Bild verfügbar
X
alg: 39206835
001A    $01999:11-11-16 
001B    $01999:16-05-21 $t20:22:31.000 
001D    $01999:11-11-16 
001U    $0utf8 
001X    $00 
002@    $0Aox 
003@    $0392068354 
007A    $0392068354 $aHEB 
007T    $0Herd05449 
010@    $ager 
011@    $a1996 
021A    $aDie @pommerischen Besitzungen Carl Gustav Wrangels 
028A    $aAsmus $dIvo 
031A    $h129-168, 1 Kt., 3 Tab. $j1996 
039B    $aIn $8--Aau--. Pommern. - Greifswald : Steinbecker Verl. Rose, 1996. - 468 S.. - Ill., Kt.. - ISBN 3-931483-08-8 $x199600000000000871 $9050939963 
045F    $a929.0943816 $eDDC23BSB 
045F/01 $a929 
045F/03 $g43816 

lok: 39206835 78

exp: 39206835 78 1 #EPN
201B/01 $008-02-21 $t23:17:59.000 
201U/01 $0utf8 
203@/01 $0788164341 
208@/01 $a11-11-16 $be 
209A/01 $a/ $f000 $x00 
220C/01 $aTitelaufnehmer: ej 
244Z/01 $2Trx $#Pomeranija $#Pommern $#Pomoransko $#Pomořansko $#Hinterpommern;Vorpommern;Mittelpommern $#Pomorze Środkowe;Pomorze Przednie $#Pomořansko;Západní Pomořany; Pomořany $8--Trx--Pomorze Zachodnie $x01 $9391303775 
244Z/01 $#Stadt Wolgast $74382051-7 $8--Tg1--Wolgast $x02 $9088407683 
244Z/01 $2Trx $8--Trx--Wrangelsburg$gWolgast $x03 $9391140019 
244Z/01 $2Trx $8--Trx--Spycker$gRügen $x04 $9391139371 
244Z/01 $aGeschichte 1643-1668 $x05 
244Z/01 $#Wrangel, Carl-Gustav $#Wrangel, Carolus Gustavus $#Wrangel, Carol Gustav $#Wrangell, Carolus Gustavus $#Wrangel, Carl Gustav $#Wrangel, C. G. $#Wrangel, Carl Gustav von $#Wrangell, Carl Gustav $#Wrangel, Karl Gustav $#Wrangel, Karl Gustaf af $#Wrangl, Carl Gustaph $#Wrangl, Carl Gustav $#Wrangel, Karl Gustav von $#Wrangel, Carel Gustaaf van $#Sylfnitzburg, Carel Gustaaf Wrangel van $#Wrangelius, Carolus Gustavus $#Wrangel, Carl Gustaff $#Vrangel, Carolus Gustavus $#Wrangel, Carel Gustaef $#Wrangelius, Carl Gustav $#Wrangel, Carl Gustav von $#Wrangel, Carel Gustaaf van Sylfnitzburg $#Wrangel, Carl G. $#Der Obsiegende $#Obsiegende, Der $7118807935 $8--Tp1--Wrangel, Carl Gustaf$Z1613-1676 $x06 $908714851X 
244Z/01 $2Trx $#kindralkuberner $#generalgubernatoriai $#Governors General $#vezér kormányzók $#generalni gubernatorzy $#generálni guvernéri $#generální guvernéři $#namiestnicy $#namiestnik $8--Trx--Generalgouverneure $x07 $9391383434 
244Z/01 $2Trx $#maaomand $#žemės nuosavybė $#real estate $#földtulajdon $#własność ziemska $#pozemkový majetok $#statky majetek pozemkový $8--Trx--Grundbesitz $x08 $9391370464 
244Z/01 $2Trx $8--Trx--Einzelbeiträge $x09 $9391384570 
245Z/01 $a12.03 $x01 
247C/01 $82080>Marburg/Lahn, Herder-Institut, Forschungsbibliothek, Bibliographieportal $9336309341
LEADER 00000caa a22000002c 4500
001 392068354
003 DE-603
005 20210516202231.0
007 tu
008 161111s1996 xx |||| | u00||u|ger c
035 |a (DE-599)HEB392068354 
040 |a DE-603  |b ger  |c DE-603  |d DE-603 
041 |a ger 
082 0 4 |8 1\u  |a 929.0943816  |q DE-101  |2 23/BSB 
085 |8 1\u  |b 929 
085 |8 1\u  |z 2  |s 43816 
100 1 |a Asmus, Ivo 
245 0 0 |a ˜Dieœ pommerischen Besitzungen Carl Gustav Wrangels 
264 0 |c 1996 
773 0 8 |i In  |t Pommern  |d Greifswald : Steinbecker Verl. Rose, 1996  |h 468 S., Ill., Kt.  |z 3931483088  |g (1996), Seite 129-168, 1 Kt., 3 Tab.  |w (DE-603)050939963 
924 0 |9 2080  |a (DE-603)788164341  |b DE-2080  |c HES  |d d  |g /